00495nam a2200193 a 4500001001300000003000900013005001700022008004100039020002400080082001500104100001700119245002400136260003800160300000900198500003500207505001000242650003200252700001700284nice12345678IN_TiNIC20260116014039.0111205s2005 oxfa grp 000 0 eng  a9780631193777c245900a291.7bKIN aKing, Ursula aReligion and Gender aOxfordbBlackwell Pub. Ltd c2005 a324p aincludes index and biblioraphy2 aIndex aReligion-Study and Teaching1 aKing, Ursula